| 000 | 00681nas a2200241 4500 | ||
|---|---|---|---|
| 001 | BR2013003365 | ||
| 003 | BR-BrBNA | ||
| 005 | 20231205122239.0 | ||
| 007 | ta | ||
| 008 | 230509b bl.|||p| |||| 00| 00por d | ||
| 040 |
_aBR-BrBNA _bpor _cBiblioteca Nacional de Agricultura |
||
| 041 | _a(Pt) | ||
| 072 | _aE16 | ||
| 100 | 1 | _aLucini, M.A. | |
| 245 | 1 | _aCerrado colhe a melhor safra de alho vernalizado da história | |
| 650 | _aALHO | ||
| 650 | _aSAFRA | ||
| 650 | _aPREÇO MÉDIO | ||
| 650 | _aCONSUMO | ||
| 773 | 0 |
_tNosso Alho (Brazil) _xISSN 2177-2959 _g(Jul 2011), (no. 11) p. 18-19 _wBR2013003365 |
|
| 909 |
_a202311 _bLúcia _c55 _dLúcia Elande |
||
| 942 |
_2AGRIS _n0 _cANA |
||
| 999 |
_c227669 _d227669 |
||